000 00489cam a2200193ua 4500
001 1092
005 20260515113257.0
008 110428n ii |||gr||||Z||||||eng
040 _cMAIN
082 _a320.8
245 1 _aAsom panchyat ayen,1994
_ctranslated by Jeuti Baruah
250 _a2nd.
260 _aG:
_bAsom law house,
_c2008.
300 _a128p.:
_c4cm.
653 _aPolitical science
653 _aAsom panchayat ayen,1994
700 _aBaruah, Jeuti.,
_eAuthor.
942 _cBK
999 _c1008
_d1008